[Event "21st Panam-ch"]
[Site "Mar del Plata ARG"]
[Date "2012.10.14"]
[Round "3.17"]
[White "Assumpcao, Roberto"]
[Black "Perez Ponsa, Federico"]
[Result "0-1"]
[WhiteElo "2218"]
[BlackElo "2489"]
[EventDate "2012.10.12"]
[PlyCount "90"]

1.e4 c5 2.Nf3 d6 3.d4 cxd4 4.Nxd4 Nf6 5.Nc3 a6 6.Be2 e5 7.Nb3 Be7 8.Be3 
O-O 9.g4 Be6 10.g5 Nfd7 11.Qd2 a5 12.a4 Nb6 13.h4 Nc6 14.h5 Nb4 15.f4 exf4
16.Bxf4 d5 17.O-O-O dxe4 18.Qxd8 Rfxd8 19.Nd4 N4d5 20.Nxe6 fxe6 21.Nxd5 
Nxd5 22.Bd2 e3 23.Be1 Bxg5 24.Bg3 Nf4 25.Bxf4 Bxf4 26.Rd3 Rxd3 27.Bxd3 g6 
28.hxg6 hxg6 29.Kd1 Rd8 30.Ke2 Kg7 31.Rg1 g5 32.Rh1 Kf6 33.Rh7 b6 34.Rh6+ 
Ke5 35.b3 Kd4 36.Rxe6 Rh8 37.Re4+ Kc3 38.Rc4+ Kb2 39.Rc6 Rh2+ 40.Kf3 Rf2+ 
41.Kg4 Rg2+ 42.Kf3 Rg3+ 43.Ke2 g4 44.Be4 Rh3 45.Kf1 e2+ 0-1

[Event "21st Panam-ch"]
[Site "Mar del Plata ARG"]
[Date "2012.10.14"]
[Round "3.18"]
[White "Flores, Diego"]
[Black "Perez Gormaz, Matias"]
[Result "1-0"]
[WhiteElo "2598"]
[BlackElo "2261"]
[EventDate "2012.10.12"]
[PlyCount "61"]

1.c4 e6 2.Nf3 d5 3.g3 c5 4.Bg2 Nc6 5.O-O Nf6 6.cxd5 exd5 7.d4 Be7 8.Nc3 
O-O 9.dxc5 Bxc5 10.Nd2 Be6 11.Nb3 Be7 12.Be3 Qd7 13.Nc5 Bxc5 14.Bxc5 Rfe8 
15.Bd4 Ne4 16.Nxe4 dxe4 17.Bc3 Qxd1 18.Rfxd1 Bc4 19.Kf1 f5 20.Rd7 Re7 21.
Rad1 Rxd7 22.Rxd7 Rd8 23.Rxg7+ Kf8 24.f4 Nb4 25.Rg5 Nc2 26.Rxf5+ Ke8 27.
Re5+ Kf7 28.Rxe4 Bxa2 29.Re5 b6 30.Kf2 Rd7 31.Be4 1-0

[Event "21st Panam-ch"]
[Site "Mar del Plata ARG"]
[Date "2012.10.14"]
[Round "3.20"]
[White "Cori Tello, Jorge"]
[Black "Batista, Gerson Peres"]
[Result "1-0"]
[WhiteElo "2522"]
[BlackElo "2233"]
[EventDate "2012.10.12"]
[PlyCount "79"]

1.d4 g6 2.c4 Bg7 3.Nc3 c5 4.e3 Nf6 5.Nf3 O-O 6.Be2 cxd4 7.Nxd4 Nc6 8.O-O 
d6 9.a3 Bd7 10.b3 Rc8 11.Bb2 a6 12.Rc1 Qa5 13.b4 Qg5 14.Nf3 Qh6 15.Na4 Be6
16.Nb6 Rcd8 17.Nd4 Nxd4 18.Bxd4 Nd7 19.Bf3 Nxb6 20.Bxb6 Rd7 21.Bd5 g5 22.
Qd3 Be5 23.g3 Bh3 24.Rfe1 Qg7 25.Bg2 Bxg2 26.Kxg2 Qg6 27.Red1 Rc8 28.a4 
Qxd3 29.Rxd3 d5 30.f4 gxf4 31.gxf4 Bb8 32.Kf3 e6 33.Rg1+ Kf8 34.cxd5 Rxd5 
35.Rxd5 exd5 36.Bc5+ Ke8 37.Rg5 Rd8 38.Bb6 Rd6 39.Rg8+ Kd7 40.Bc5 1-0

[Event "21st Panam-ch"]
[Site "Mar del Plata ARG"]
[Date "2012.10.14"]
[Round "3.21"]
[White "Tobares, Leandro"]
[Black "Real De Azua, Ernesto"]
[Result "0-1"]
[WhiteElo "2261"]
[BlackElo "2482"]
[EventDate "2012.10.12"]
[PlyCount "120"]

1.c4 Nf6 2.Nc3 g6 3.g3 Bg7 4.Bg2 O-O 5.e3 d6 6.Nge2 e5 7.O-O Re8 8.d3 c6 
9.e4 a6 10.h3 b5 11.a3 Nbd7 12.f4 exf4 13.cxb5 f3 14.Bxf3 Qb6+ 15.Kg2 axb5
16.Bg5 h6 17.Bf4 Ne5 18.Qd2 b4 19.Nd1 bxa3 20.Rxa3 Rxa3 21.bxa3 Ba6 22.Nc1
d5 23.exd5 Nxf3 24.Rxf3 Nxd5 25.Ne2 g5 26.Be3 Qb3 27.Bc5 Bc8 28.Nf2 Be6 
29.Ne4 Rd8 30.Nc1 Qb8 31.Qf2 f5 32.Nd2 g4 33.Rxf5 Bxf5 34.Qxf5 Qb2 35.Nb3 
gxh3+ 36.Kxh3 Qf6 37.Qxf6 Nxf6 38.d4 Bf8 39.Bxf8 Rxf8 40.Na5 Rc8 41.Ndc4 
Nd5 42.Kg4 c5 43.dxc5 Rxc5 44.Kf3 Nb6 45.Nxb6 Rxa5 46.a4 Ra6 47.Nd5 Rxa4 
48.Nf4 Kg7 49.Kg4 Ra5 50.Ne6+ Kf6 51.Nf4 Rg5+ 52.Kh4 Kf5 53.Nd5 Ke4 54.
Nf6+ Kf3 55.Nh5 Rg6 56.Kh3 Rg4 57.Kh2 Rg5 58.Nf4 Rxg3 59.Nh3 Rg2+ 60.Kh1 
Rb2 0-1

[Event "21st Panam-ch"]
[Site "Mar del Plata ARG"]
[Date "2012.10.14"]
[Round "3.22"]
[White "Mellano, Santiago"]
[Black "Slipak, Sergio"]
[Result "0-1"]
[WhiteElo "2242"]
[BlackElo "2447"]
[EventDate "2012.10.12"]
[PlyCount "104"]

1.Nf3 Nf6 2.c4 e6 3.g3 b6 4.Bg2 Bb7 5.O-O Be7 6.d4 O-O 7.Nc3 Na6 8.Qa4 Qc8
9.Ne5 Bxg2 10.Kxg2 Qb7+ 11.Kg1 Nb8 12.Rd1 d6 13.Nd3 c5 14.d5 exd5 15.cxd5 
a6 16.Nf4 b5 17.Qc2 Nbd7 18.b3 Rfe8 19.f3 Ne5 20.Kg2 Rac8 21.e4 Bd8 22.Nd3
Nfd7 23.Nxe5 Nxe5 24.Bf4 Bf6 25.Rab1 Qe7 26.Rbc1 h5 27.Bxe5 Bxe5 28.Ne2 g6
29.Re1 a5 30.Qd3 Qd7 31.f4 Bg7 32.Ng1 a4 33.Nf3 axb3 34.axb3 Ra8 35.Re2 
Ra3 36.e5 c4 37.Qe4 f5 38.Qc2 Rxb3 39.Rd1 Ra3 40.e6 Qb7 41.Nh4 Rc3 42.Qb2 
Rb3 43.Qa2 Kh7 44.Kh3 Ra8 45.Qxa8 Qxa8 46.e7 Qe8 47.Re6 Rd3 48.Rde1 Rxd5 
49.R1e2 b4 50.Ra2 b3 51.Ra7 b2 52.Nxg6 b1=Q 0-1

[Event "21st Panam-ch"]
[Site "Mar del Plata ARG"]
[Date "2012.10.14"]
[Round "3.23"]
[White "Rioseco Pinochet, Fernan"]
[Black "Roselli Mailhe, Bernardo"]
[Result "0-1"]
[WhiteElo "2236"]
[BlackElo "2430"]
[EventDate "2012.10.12"]
[PlyCount "62"]

1.d4 Nf6 2.c4 g6 3.Nc3 Bg7 4.e4 d6 5.f3 O-O 6.Nge2 c6 7.Be3 Nbd7 8.Qd2 e5 
9.d5 cxd5 10.cxd5 a6 11.g4 h5 12.h3 Nh7 13.O-O-O h4 14.Rg1 b5 15.Kb1 Nb6 
16.Nc1 b4 17.Qf2 Rb8 18.N3e2 Nc4 19.Nd3 Bd7 20.Bc1 b3 21.a3 Qc7 22.Ka1 Bb5
23.Nb4 a5 24.Nc6 Bxc6 25.dxc6 Qxc6 26.Qe1 Rfe8 27.Rd3 Nxa3 28.bxa3 b2+ 29.
Bxb2 Rxb2 30.Nc3 Rc2 31.Nb1 Qb6 0-1

[Event "21st Panam-ch"]
[Site "Mar del Plata ARG"]
[Date "2012.10.14"]
[Round "3.24"]
[White "Diaz Hollemaert, Nahuel"]
[Black "Contreras Rodriguez, Henry"]
[Result "1-0"]
[WhiteElo "2408"]
[BlackElo "2220"]
[EventDate "2012.10.12"]
[PlyCount "51"]

1.c4 Nf6 2.Nc3 g6 3.g3 Bg7 4.Bg2 O-O 5.d4 d6 6.Nf3 c6 7.O-O Qa5 8.h3 Be6 
9.Nd2 Qa6 10.b3 d5 11.Rb1 Rd8 12.e3 Nbd7 13.Re1 Bf5 14.e4 dxe4 15.g4 e3 
16.gxf5 exd2 17.Bxd2 Nf8 18.d5 cxd5 19.cxd5 Rd7 20.Qf3 Rad8 21.Bf1 Qa3 22.
b4 Rc8 23.Rb3 Rxc3 24.Qxc3 Qa4 25.Ra3 Nxd5 26.Qxg7+ 1-0

[Event "21st Panam-ch"]
[Site "Mar del Plata ARG"]
[Date "2012.10.14"]
[Round "3.25"]
[White "Pardo Agudelo, Alejandro"]
[Black "Rosito, Jorge"]
[Result "1/2-1/2"]
[WhiteElo "2181"]
[BlackElo "2387"]
[EventDate "2012.10.12"]
[PlyCount "26"]

1.d4 Nf6 2.Nf3 e6 3.e3 b6 4.Bd3 Bb7 5.Nbd2 d5 6.O-O Bd6 7.Ne5 O-O 8.b3 
Nbd7 9.f4 Ne4 10.Nxe4 dxe4 11.Bc4 Qe7 12.Bb2 Rad8 13.Qe2 f6 1/2-1/2

[Event "21st Panam-ch"]
[Site "Mar del Plata ARG"]
[Date "2012.10.14"]
[Round "3.26"]
[White "Krysa, Leandro"]
[Black "Arcos Facio, Mateo"]
[Result "1-0"]
[WhiteElo "2381"]
[BlackElo "2174"]
[EventDate "2012.10.12"]
[PlyCount "53"]

1.d4 g6 2.c4 Bg7 3.Nf3 Nf6 4.g3 O-O 5.Bg2 d6 6.O-O Nbd7 7.Nc3 e5 8.e4 exd4
9.Nxd4 Re8 10.h3 Nc5 11.Re1 Bd7 12.Kh2 h6 13.Rb1 a5 14.f4 c6 15.b3 d5 16.
cxd5 cxd5 17.exd5 Rxe1 18.Qxe1 Nxd5 19.Nxd5 Bxd4 20.Be3 Nd3 21.Qd2 Bxe3 
22.Qxe3 Nb4 23.Ne7+ Kh7 24.Rd1 Qc7 25.a3 Nc6 26.Nd5 Qd6 27.Qc3 1-0

[Event "21st Panam-ch"]
[Site "Mar del Plata ARG"]
[Date "2012.10.14"]
[Round "3.27"]
[White "Martinez Romero, Martin"]
[Black "Caceres Recalde, Fernando"]
[Result "1-0"]
[WhiteElo "2368"]
[BlackElo "2159"]
[EventDate "2012.10.12"]
[PlyCount "109"]

1.e4 c5 2.Nf3 d6 3.d4 cxd4 4.Nxd4 Nf6 5.Nc3 a6 6.Bc4 e6 7.O-O b5 8.Bb3 
Nbd7 9.Re1 Bb7 10.Bg5 h6 11.Bh4 Nc5 12.Bd5 Qc7 13.Bxb7 Qxb7 14.Bxf6 gxf6 
15.b4 Nd7 16.Qh5 Qc7 17.Re3 Qc4 18.Rd1 Rg8 19.f4 Rc8 20.a3 Nb6 21.Nd5 Nxd5
22.exd5 e5 23.fxe5 dxe5 24.Qf5 Rg5 25.Qxf6 Qxd5 26.Rd2 Qd6 27.Qf2 Qe7 28.
Nf3 Rf5 29.Qg3 Qa7 30.Nd4 Rg5 31.Rxe5+ Be7 32.Rxg5 Bxg5 33.Qe5+ Kf8 34.
Qh8+ Ke7 35.Re2+ Kd7 36.Qe5 Qb6 37.Kh1 Qf6 38.Qd5+ Kc7 39.Nf3 Rd8 40.Qc5+ 
Kb7 41.Re1 Rc8 42.Qd5+ Kb8 43.Ne5 Qf2 44.Nd3 Qd2 45.Qd6+ Ka7 46.Qd4+ Kb7 
47.Re7+ Bxe7 48.Nc5+ Rxc5 49.Qxd2 Re5 50.h3 h5 51.Qd7+ Kb8 52.Qe8+ Kc7 53.
Qxf7 h4 54.Kg1 Kd6 55.c4 1-0

[Event "21st Panam-ch"]
[Site "Mar del Plata ARG"]
[Date "2012.10.14"]
[Round "3.28"]
[White "Santiago, Yago de Moura"]
[Black "Pineiro, Dario"]
[Result "1/2-1/2"]
[WhiteElo "2364"]
[BlackElo "2141"]
[EventDate "2012.10.12"]
[PlyCount "104"]

1.Nf3 f5 2.d3 Nf6 3.e4 d6 4.exf5 Bxf5 5.d4 e6 6.Bd3 Bxd3 7.Qxd3 Nc6 8.Qb3 
Qc8 9.O-O d5 10.c4 Bd6 11.Nc3 dxc4 12.Qxc4 O-O 13.Re1 Qd7 14.Qxe6+ Qxe6 
15.Rxe6 Rae8 16.Rxe8 Rxe8 17.Bg5 Kf7 18.Kf1 Nb4 19.Bxf6 gxf6 20.Rd1 Rd8 
21.Nh4 c6 22.Nf5 Bf8 23.Ke2 Nd5 24.Ne4 Kg6 25.g4 h5 26.Kf3 Nc7 27.Nh4+ Kh6
28.Nxf6 Kg5 29.Nxh5 Kxh4 30.Ng3 Ne6 31.Nf5+ Kh3 32.Rd3 Kxh2 33.Rd1 Ng5+ 
34.Kf4 Nh3+ 35.Ke5 Nxf2 36.Rd2 Kg1 37.g5 Bb4 38.Rc2 Rg8 39.Kf4 Nh3+ 40.Ke3
Re8+ 41.Kf3 Nxg5+ 42.Kg4 Ne4 43.a3 Be1 44.d5 Nf6+ 45.Kf3 Re5 46.Rg2+ Kf1 
47.Rg5 Nxd5 48.Rh5 Kg1 49.Rg5+ Kf1 50.Rh5 Kg1 51.Rg5+ Kf1 52.Rh5 Kg1 
1/2-1/2

[Event "21st Panam-ch"]
[Site "Mar del Plata ARG"]
[Date "2012.10.14"]
[Round "3.29"]
[White "Fiori, Alberto Nicolas"]
[Black "Toth, Christian Endre"]
[Result "0-1"]
[WhiteElo "2159"]
[BlackElo "2357"]
[EventDate "2012.10.12"]
[PlyCount "54"]

1.e4 c5 2.Nf3 d6 3.d4 cxd4 4.Nxd4 Nf6 5.Nc3 Nc6 6.Be2 g6 7.Be3 Bg7 8.Nb3 
O-O 9.O-O a6 10.f4 b5 11.Bf3 Bb7 12.Qd2 Nd7 13.Qf2 Na5 14.Nxa5 Qxa5 15.e5 
Bxf3 16.Qxf3 dxe5 17.f5 Nf6 18.fxg6 hxg6 19.Qb7 Qb4 20.Rxf6 Bxf6 21.Nd5 
Qxb2 22.Rf1 Qxc2 23.Rxf6 exf6 24.Nxf6+ Kg7 25.Qe7 Qb1+ 26.Kf2 Qxa2+ 27.Kg3
Qe6 0-1

[Event "21st Panam-ch"]
[Site "Mar del Plata ARG"]
[Date "2012.10.14"]
[Round "3.30"]
[White "Toniutti, Ezio"]
[Black "De Dovitiis, Alejo"]
[Result "1/2-1/2"]
[WhiteElo "2162"]
[BlackElo "2348"]
[EventDate "2012.10.12"]
[PlyCount "79"]

1.d4 Nf6 2.c4 d6 3.g3 Nbd7 4.Bg2 e5 5.Nf3 Be7 6.O-O O-O 7.Nc3 c6 8.b3 Re8 
9.d5 cxd5 10.cxd5 a6 11.Ne1 b5 12.Nd3 Bb7 13.Bb2 Rc8 14.Rc1 Qb6 15.Rc2 a5 
16.e4 b4 17.Na4 Qb5 18.Rxc8 Rxc8 19.Re1 Ba6 20.Bf1 Qb8 21.Bc1 Ne8 22.Ndb2 
Bxf1 23.Rxf1 f5 24.Nc4 fxe4 25.Nxa5 Qb5 26.Nc6 Rxc6 27.dxc6 Qxc6 28.Qg4 d5
29.Bg5 Ndf6 30.Bxf6 Nxf6 31.Qf5 Nd7 32.Re1 g6 33.Qg4 Kg7 34.Qe2 Nf8 35.Qe3
Ne6 36.Qb6 Qd7 37.Rc1 Ng5 38.Rc7 Qh3 39.Rxe7+ Kh6 40.Qe3 1/2-1/2

[Event "21st Panam-ch"]
[Site "Mar del Plata ARG"]
[Date "2012.10.14"]
[Round "3.31"]
[White "Leiva, Giuseppe"]
[Black "Fernandez, Maria Florencia"]
[Result "0-1"]
[WhiteElo "2321"]
[BlackElo "2138"]
[EventDate "2012.10.12"]
[PlyCount "80"]

1.d4 Nf6 2.Nf3 g6 3.c4 Bg7 4.g3 O-O 5.Bg2 d6 6.O-O Nc6 7.Nc3 a6 8.Qc2 Rb8 
9.Rd1 Bd7 10.e4 b5 11.c5 b4 12.Nd5 Ne8 13.Be3 e6 14.Nf4 Nxd4 15.Bxd4 Bxd4 
16.Nxd4 e5 17.Nfe2 exd4 18.Nxd4 Qg5 19.Rac1 a5 20.f4 Qe7 21.cxd6 cxd6 22.
Nc6 Bxc6 23.Qxc6 Qa7+ 24.Kh1 Rb7 25.Qd5 Rc7 26.Rxc7 Qxc7 27.h3 Qc2 28.Rd2 
Qb1+ 29.Kh2 a4 30.Qc4 Ng7 31.Qxb4 Qxa2 32.Rxd6 Ne6 33.Ra6 Rd8 34.Rxa4 Qb1 
35.Qc3 Qd1 36.Ra7 Qe2 37.Qf6 Rf8 38.Qe5 Qf2 39.Rb7 Nd4 40.Kh1 Ne2 0-1

[Event "21st Panam-ch"]
[Site "Mar del Plata ARG"]
[Date "2012.10.14"]
[Round "3.32"]
[White "Teixeira, Ricardo da Silva"]
[Black "Fiora, Emilio"]
[Result "0-1"]
[WhiteElo "2276"]
[BlackElo "1954"]
[EventDate "2012.10.12"]
[PlyCount "81"]

1.d4 d5 2.Nf3 Bf5 3.c4 e6 4.e3 c6 5.Nc3 Nf6 6.Bd3 Bg6 7.O-O Bd6 8.Ne5 Bxe5
9.dxe5 Ne4 10.cxd5 Nxc3 11.bxc3 Bxd3 12.Qxd3 Qxd5 13.Qb1 b6 14.f4 Qc5 15.
Qb3 Na6 16.c4 O-O-O 17.Ba3 Qa5 18.Bd6 Nc5 19.Qc2 Nb7 20.c5 Nxc5 21.Rfc1 
Rd7 22.Rab1 Rhd8 23.Qxh7 Qd2 24.Bxc5 bxc5 25.Qe4 Rd5 26.Rc2 Qa5 27.h3 Kc7 
28.Kh2 Rd2 29.Rcb2 Rxb2 30.Rxb2 Rd2 31.Rc2 Rxc2 32.Qxc2 Qb4 33.Qd3 c4 34.
Qd4 Qa3 35.Qxc4 Qxe3 36.Qb4 c5 37.Qa5+ Kc6 38.g3 Qf2+ 39.Kh1 Qxg3 40.Qa6+ 
Kd5 41.Qd6+ 0-1

[Event "21st Panam-ch"]
[Site "Mar del Plata ARG"]
[Date "2012.10.14"]
[Round "3.34"]
[White "Barbosa, Evandro Amorim"]
[Black "Salvatti, Diego"]
[Result "1-0"]
[WhiteElo "2427"]
[BlackElo "2112"]
[EventDate "2012.10.12"]
[PlyCount "35"]

1.e4 e5 2.Nf3 Nf6 3.d4 Nxe4 4.Bd3 d5 5.dxe5 Be7 6.O-O O-O 7.Nc3 Nxc3 8.
bxc3 c5 9.Bf4 Nc6 10.Qd2 Bg4 11.Rab1 Qd7 12.Rfe1 Rad8 13.Ng5 h6 14.Nh7 
Rfe8 15.Bxh6 c4 16.Bxg7 cxd3 17.Qh6 f6 18.Bxf6 1-0

[Event "21st Panam-ch"]
[Site "Mar del Plata ARG"]
[Date "2012.10.14"]
[Round "3.35"]
[White "San Martin Basualto, Epiro"]
[Black "Mahia, Gustavo"]
[Result "0-1"]
[WhiteElo "2114"]
[BlackElo "2409"]
[EventDate "2012.10.12"]
[PlyCount "90"]

1.e4 e6 2.d3 d5 3.Nd2 c5 4.Ngf3 Nc6 5.g3 g6 6.Bg2 Bg7 7.O-O Nge7 8.Re1 O-O
9.exd5 Nxd5 10.Nb3 b6 11.c3 Bb7 12.d4 cxd4 13.Nbxd4 Nxd4 14.Nxd4 Qd7 15.
Qb3 Bxd4 16.cxd4 Ne7 17.Bxb7 Qxb7 18.Bg5 Nd5 19.h4 h5 20.Rac1 Rac8 21.Qf3 
Rxc1 22.Rxc1 Rc8 23.Qa3 Rxc1+ 24.Bxc1 Kg7 25.Qd6 Qc7 26.Bf4 Qxd6 27.Bxd6 
f6 28.f3 Ne3 29.Bb4 Nf5 30.Be1 Nxd4 31.Kf2 Kf7 32.g4 e5 33.Bc3 Nb5 34.Bb4 
Ke6 35.Ke3 Kd5 36.Be7 f5 37.gxh5 gxh5 38.f4 e4 39.Bf6 Nc7 40.Be5 Ne6 41.
Bb8 a6 42.Be5 b5 43.Bf6 Nc5 44.Bh8 Nd3 45.Bc3 Nc1 0-1

[Event "21st Panam-ch"]
[Site "Mar del Plata ARG"]
[Date "2012.10.14"]
[Round "3.36"]
[White "Della Morte, German"]
[Black "Baeta, Marcio Netto"]
[Result "1-0"]
[WhiteElo "2346"]
[BlackElo "2101"]
[EventDate "2012.10.12"]
[PlyCount "83"]

1.e4 e5 2.Nf3 d6 3.d4 Nd7 4.Bc4 Be7 5.dxe5 Nxe5 6.Nxe5 dxe5 7.Qh5 Qd6 8.
Qxf7+ Kd8 9.Qxg7 Qf6 10.Qxf6 Nxf6 11.f3 h5 12.h4 c6 13.a4 b6 14.Bg5 Bd7 
15.Nc3 Nh7 16.Bxe7+ Kxe7 17.Rd1 Nf6 18.Rd2 a6 19.Bb3 b5 20.Ke2 Rh7 21.Rhd1
Rg7 22.Ke3 b4 23.Ne2 a5 24.Nc1 Be8 25.Nd3 Nd7 26.Bc4 Ra7 27.Rg1 Kf6 28.g4 
Bf7 29.g5+ Ke7 30.Bxf7 Kxf7 31.Rf1 Kg8 32.f4 exf4+ 33.Nxf4 Ne5 34.Rd8+ Kh7
35.Nxh5 Ng4+ 36.Ke2 Rge7 37.Rf4 Kg6 38.Rh8 Rh7 39.Rxh7 Rxh7 40.Nf6 Nxf6 
41.Rxf6+ Kg7 42.Rh6 1-0

[Event "21st Panam-ch"]
[Site "Mar del Plata ARG"]
[Date "2012.10.14"]
[Round "3.37"]
[White "Fulgenzi, Ernesto"]
[Black "Okamura, Milton Kasuo"]
[Result "1-0"]
[WhiteElo "2344"]
[BlackElo "2092"]
[EventDate "2012.10.12"]
[PlyCount "53"]

1.e4 e5 2.Nf3 Nc6 3.d4 exd4 4.Nxd4 Bc5 5.Nb3 Bb4+ 6.Nc3 Nf6 7.Bd3 d5 8.
exd5 Nxd5 9.O-O Bxc3 10.bxc3 O-O 11.Qh5 Nf6 12.Qh4 Ne5 13.Ba3 Re8 14.Rad1 
Nxd3 15.Rxd3 Bd7 16.Nc5 Qc8 17.Rg3 Bg4 18.h3 b6 19.Nd3 h5 20.hxg4 hxg4 21.
c4 Re4 22.Bb2 Qe6 23.Bxf6 Qxf6 24.Qxf6 gxf6 25.f3 Rxc4 26.Rxg4+ Rxg4 27.
fxg4 1-0

[Event "21st Panam-ch"]
[Site "Mar del Plata ARG"]
[Date "2012.10.14"]
[Round "3.38"]
[White "Reis, Renan do Carmo"]
[Black "Crespo, Eugenio"]
[Result "1-0"]
[WhiteElo "2306"]
[BlackElo "2076"]
[EventDate "2012.10.12"]
[PlyCount "45"]

1.e4 e6 2.d4 d5 3.Nc3 dxe4 4.Nxe4 Nd7 5.Nf3 Ngf6 6.Bd3 c5 7.c3 cxd4 8.cxd4
Nxe4 9.Bxe4 Nf6 10.Bc2 Be7 11.O-O Bd7 12.Ne5 Bb5 13.Re1 O-O 14.a4 Ba6 15.
Re3 Qb6 16.Rb3 Qa5 17.Bg5 h6 18.Bxh6 gxh6 19.Rg3+ Kh8 20.Qc1 Ng8 21.Rxg8+ 
Kxg8 22.Qxh6 f5 23.Qxe6+ 1-0

[Event "21st Panam-ch"]
[Site "Mar del Plata ARG"]
[Date "2012.10.14"]
[Round "3.39"]
[White "Vazquez Massaro, Maximiliano"]
[Black "Paiva, Pedro Henrique de"]
[Result "1/2-1/2"]
[WhiteElo "2112"]
[BlackElo "2289"]
[EventDate "2012.10.12"]
[PlyCount "72"]

1.d4 Nf6 2.c4 g6 3.Nf3 Bg7 4.g3 O-O 5.Nc3 c5 6.d5 d6 7.Bg2 Na6 8.O-O Rb8 
9.e4 Nc7 10.Qe2 b5 11.cxb5 a6 12.b6 Rxb6 13.Rd1 Nb5 14.Nxb5 axb5 15.e5 Nd7
16.Bf4 Qc7 17.e6 fxe6 18.Qxe6+ Rf7 19.Qe2 h6 20.h4 Nf6 21.Rac1 Qa7 22.b4 
Ra6 23.bxc5 Rxa2 24.Qxb5 Ne4 25.Be3 dxc5 26.Nd2 Bd7 27.Qc4 Nxd2 28.Rxd2 
Rxd2 29.Bxd2 Bd4 30.Be3 Qa4 31.Qxa4 Bxa4 32.Bxd4 cxd4 33.Rc4 Bb3 34.Rxd4 
Rf6 35.Be4 Rd6 36.Rd3 Bc4 1/2-1/2

[Event "21st Panam-ch"]
[Site "Mar del Plata ARG"]
[Date "2012.10.14"]
[Round "3.40"]
[White "Supi, Luis Paulo"]
[Black "Pirola, Marcos"]
[Result "1-0"]
[WhiteElo "2287"]
[BlackElo "2070"]
[EventDate "2012.10.12"]
[PlyCount "65"]

1.e4 Nf6 2.e5 Nd5 3.d4 d6 4.Nf3 dxe5 5.Nxe5 c6 6.Bc4 Nd7 7.Nf3 g6 8.O-O 
Bg7 9.h3 O-O 10.Re1 Re8 11.Bb3 Qc7 12.c4 N5b6 13.Nc3 Nf6 14.Ne5 Be6 15.Bf4
Qd8 16.Qd3 Nfd7 17.Rad1 Nxe5 18.Bxe5 Bxe5 19.Rxe5 Nd7 20.Re3 Nf6 21.d5 
cxd5 22.cxd5 Bf5 23.Qe2 a6 24.Re1 Kf8 25.g4 Bc8 26.Qd2 Qd6 27.Qd4 Kg8 28.
Rf3 Nd7 29.Ne4 Qb8 30.d6 e6 31.Rxf7 Kxf7 32.Ng5+ Kg8 33.Rxe6 1-0

[Event "21st Panam-ch"]
[Site "Mar del Plata ARG"]
[Date "2012.10.14"]
[Round "3.41"]
[White "Cervetto, Esteban"]
[Black "Leskovar, Matias"]
[Result "1/2-1/2"]
[WhiteElo "2100"]
[BlackElo "2283"]
[EventDate "2012.10.12"]
[PlyCount "87"]

1.e4 e5 2.Nf3 Nc6 3.Bb5 Nge7 4.d4 exd4 5.Nxd4 g6 6.Nc3 Bg7 7.Nxc6 Nxc6 8.
O-O O-O 9.Be3 a6 10.Bxc6 dxc6 11.Qxd8 Rxd8 12.Rfd1 Be6 13.a3 f5 14.Bg5 
Rxd1+ 15.Rxd1 fxe4 16.Bf4 Rc8 17.Nxe4 Bf5 18.Nc3 b5 19.Rd2 a5 20.Kf1 Be6 
21.Ke1 b4 22.axb4 axb4 23.Na4 Ra8 24.b3 c5 25.Nxc5 Bc3 26.Nxe6 Re8 27.Kd1 
Bxd2 28.Kxd2 Rxe6 29.Bxc7 Ra6 30.Bf4 Kf7 31.Kd3 Ke6 32.Kc4 Rc6+ 33.Kxb4 
Rxc2 34.Be3 Kd5 35.Kb5 Rb2 36.b4 Rb1 37.h4 Ra1 38.Kb6 Rb1 39.Bc5 h6 40.Kc7
g5 41.hxg5 hxg5 42.Kd7 g4 43.g3 Re1 44.Be3 1/2-1/2

[Event "21st Panam-ch"]
[Site "Mar del Plata ARG"]
[Date "2012.10.14"]
[Round "3.42"]
[White "Tokman, Ariel"]
[Black "Romero, Fabian"]
[Result "1-0"]
[WhiteElo "2283"]
[BlackElo "2058"]
[EventDate "2012.10.12"]
[PlyCount "115"]

1.c4 e6 2.Nf3 Nf6 3.e3 d5 4.b3 Be7 5.Bb2 O-O 6.Be2 b6 7.O-O Bb7 8.Nc3 c5 
9.cxd5 exd5 10.d4 Nc6 11.Rc1 Rc8 12.Qd3 c4 13.bxc4 Nb4 14.Qf5 g6 15.Qf4 
dxc4 16.e4 Nh5 17.Qe3 Re8 18.a3 Nd3 19.Bxd3 cxd3 20.Qxd3 Nf4 21.Qe3 Bg5 
22.Kh1 Rxc3 23.Qxc3 Ne2 24.Qc4 Bxc1 25.Bxc1 Nxc1 26.Ne5 Qe7 27.Rxc1 Rc8 
28.Qf1 Rxc1 29.Qxc1 Bxe4 30.Qc4 Kg7 31.f3 Bf5 32.Qc3 f6 33.Nc6 Qe2 34.Qc1 
Bc2 35.Nxa7 Bd1 36.h3 Bc2 37.Kh2 h5 38.h4 Qd3 39.Nc6 Ba4 40.Nd8 Qc2 41.Qf4
Bb3 42.Nb7 Bd5 43.Nd6 Qc6 44.Ne4 Kf7 45.Nf2 Ke7 46.Kg3 Qd6 47.Qxd6+ Kxd6 
48.Ne4+ Ke6 49.Kf4 Bc4 50.Nc3 Kd6 51.g4 hxg4 52.fxg4 Bf7 53.Ke4 Be6 54.h5 
f5+ 55.gxf5 Bxf5+ 56.Kf4 Ke6 57.h6 Kf7 58.Kg5 1-0

[Event "21st Panam-ch"]
[Site "Mar del Plata ARG"]
[Date "2012.10.14"]
[Round "3.43"]
[White "Schuh, Astor Jose"]
[Black "Paveto, Kevin"]
[Result "0-1"]
[WhiteElo "2055"]
[BlackElo "2282"]
[EventDate "2012.10.12"]
[PlyCount "128"]

1.e4 d5 2.exd5 Qxd5 3.Nc3 Qa5 4.d4 Nf6 5.Nf3 Bg4 6.Be2 Nc6 7.O-O O-O-O 8.
Bf4 Bxf3 9.Bxf3 Nxd4 10.Be3 Nxf3+ 11.Qxf3 e6 12.a4 a6 13.b4 Bxb4 14.Rab1 
c6 15.Ne4 Nxe4 16.Qxe4 Bd6 17.Bb6 Qh5 18.g3 Rd7 19.Rb3 Qf5 20.Qe2 h5 21.
Rfb1 h4 22.g4 Qe5 23.Qxe5 Bxe5 24.Be3 Rhd8 25.Kg2 h3+ 26.Kxh3 Rh8+ 27.Kg2 
Rxh2+ 28.Kf3 f5 29.gxf5 exf5 30.Re1 Bc7 31.Re2 g5 32.Bxg5 Rg7 33.Bf4 Rh3+ 
34.Bg3 Bxg3 35.fxg3 Rgxg3+ 36.Kf4 Rxb3 37.cxb3 Rxb3 38.Kxf5 Rb4 39.Ra2 Kc7
40.a5 c5 41.Ke5 Kc6 42.Ra3 Rb1 43.Ke4 Kb5 44.Kd3 Kb4 45.Ra2 Rb3+ 46.Kc2 
Ra3 47.Rb2+ Kc4 48.Rxb7 Rxa5 49.Rb6 Ra2+ 50.Kb1 Ra4 51.Kc2 a5 52.Ra6 Kb5 
53.Ra8 Rh4 54.Rb8+ Kc4 55.Ra8 Rh2+ 56.Kb1 a4 57.Ka1 Kb3 58.Rb8+ Kc3 59.Rb7
c4 60.Ra7 Kc2 61.Rb7 c3 62.Rc7 Kb3 63.Rb7+ Ka3 64.Kb1 Rb2+ 0-1

[Event "21st Panam-ch"]
[Site "Mar del Plata ARG"]
[Date "2012.10.14"]
[Round "3.44"]
[White "Conde, Adrian"]
[Black "Viana, Dirceu"]
[Result "0-1"]
[WhiteElo "2053"]
[BlackElo "2275"]
[EventDate "2012.10.12"]
[PlyCount "54"]

1.d4 d5 2.c4 dxc4 3.Nf3 Nf6 4.e3 Bg4 5.Bxc4 e6 6.Nc3 a6 7.a4 Nc6 8.O-O Bd6
9.h3 Bh5 10.Be2 O-O 11.e4 Bxf3 12.Bxf3 Nxd4 13.Bg5 h6 14.Bh4 Be5 15.Be2 g5
16.Bg3 Qd6 17.h4 Kg7 18.hxg5 hxg5 19.Qc1 Bf4 20.Bxf4 gxf4 21.Rd1 c5 22.g3 
e5 23.Ra3 Rad8 24.Bc4 Rg8 25.Kf1 Qd7 26.Ne2 Qh3+ 27.Kg1 Rh8 0-1

[Event "21st Panam-ch"]
[Site "Mar del Plata ARG"]
[Date "2012.10.14"]
[Round "3.45"]
[White "Sperb, Eduardo Quintana"]
[Black "Feliciano Ebert, Vanessa"]
[Result "1/2-1/2"]
[WhiteElo "2040"]
[BlackElo "2268"]
[EventDate "2012.10.12"]
[PlyCount "138"]

1.e4 d6 2.d4 Nf6 3.Nc3 g6 4.Bg5 Bg7 5.f3 h6 6.Be3 c6 7.Qd2 b5 8.Nge2 Nbd7 
9.a3 Nb6 10.b3 a6 11.a4 Bb7 12.Ng3 h5 13.h4 O-O 14.Bd3 Qc7 15.O-O b4 16.
Nce2 c5 17.d5 Rfe8 18.Rac1 c4 19.bxc4 Nxc4 20.Bxc4 Qxc4 21.a5 Rac8 22.Rb1 
Qxc2 23.Qxc2 Rxc2 24.Rxb4 Bc8 25.Rfb1 Ra2 26.Bb6 e6 27.dxe6 Bxe6 28.Nd4 
Bd7 29.Bc7 Rc8 30.Rb8 Rxb8 31.Rxb8+ Kh7 32.Nge2 Ba4 33.Rb4 Ne8 34.Bb6 Bd7 
35.Nc3 Ra1+ 36.Kf2 Bf6 37.g3 Bh3 38.Nd5 Ra2+ 39.Ke3 Ra3+ 40.Nb3 Be5 41.f4 
Bg7 42.Bd8 Be6 43.Kf2 Bxd5 44.exd5 Nf6 45.Bxf6 Bxf6 46.Kf3 Bc3 47.Rb7 Bxa5
48.Rxf7+ Kg8 49.Rb7 Be1 50.f5 gxf5 51.Kf4 a5 52.Kxf5 a4 53.Nd4 Rxg3 54.Ne6
a3 55.Ng5 a2 56.Rb8+ Kg7 57.Rb7+ Kf8 58.Rb8+ Ke7 59.Rb7+ Kd8 60.Nf7+ Ke8 
61.Nxd6+ Kf8 62.Ra7 Rg2 63.Ne4 Bxh4 64.d6 Rb2 65.Kg6 Bd8 66.Ra8 Rg2+ 67.
Kxh5 Kf7 68.Ra7+ Ke6 69.Nc3 Kxd6 1/2-1/2

[Event "21st Panam-ch"]
[Site "Mar del Plata ARG"]
[Date "2012.10.14"]
[Round "3.46"]
[White "Cerda Albornoz, Guillermo"]
[Black "Morelli, Nicolas"]
[Result "1-0"]
[WhiteElo "2267"]
[BlackElo "2036"]
[EventDate "2012.10.12"]
[PlyCount "53"]

1.e4 e5 2.Nf3 Nc6 3.Bc4 Nf6 4.d3 h6 5.Qe2 d6 6.c3 Be7 7.Bb3 Bg4 8.h3 Bh5 
9.Nbd2 Qd7 10.a4 a5 11.Nf1 Nd8 12.Ng3 Bxf3 13.Qxf3 g6 14.Be3 Ne6 15.Rd1 
Nc5 16.Bxc5 dxc5 17.O-O O-O 18.d4 cxd4 19.cxd4 exd4 20.e5 Nh7 21.e6 fxe6 
22.Qe4 Rf6 23.Rxd4 Bd6 24.Qe3 g5 25.Ne4 Rg6 26.Qd3 Rd8 27.Nxd6 1-0

[Event "21st Panam-ch"]
[Site "Mar del Plata ARG"]
[Date "2012.10.14"]
[Round "3.47"]
[White "Gaitan, Juan Manuel"]
[Black "Heinecke, Victor"]
[Result "1-0"]
[WhiteElo "2266"]
[BlackElo "2025"]
[EventDate "2012.10.12"]
[PlyCount "65"]

1.d4 Nf6 2.c4 c5 3.d5 b5 4.cxb5 a6 5.bxa6 g6 6.Nc3 Bxa6 7.e4 Bxf1 8.Kxf1 
d6 9.g3 Bg7 10.Kg2 O-O 11.Nf3 Nbd7 12.Qe2 Ra7 13.a4 Qa8 14.Ra3 Rb8 15.Rd1 
Ne8 16.Bg5 Nb6 17.Rda1 h6 18.Be3 Nc7 19.Nd2 Na6 20.a5 Nd7 21.Nc4 Qb7 22.
Bc1 Nb4 23.a6 Qc7 24.Ra5 Qc8 25.Nb5 Rxa6 26.Rxa6 Nxa6 27.Nbxd6 exd6 28.
Nxd6 Qd8 29.Rxa6 Nb6 30.Bf4 g5 31.Nxf7 Kxf7 32.Bxb8 Qxb8 33.Qb5 1-0